000 00570nam a2200169Ia 4500
003 GCL
005 20240530102938.0
008 140319s9999 xx 000 0 ara d
040 _aGCL /
_cGCL
082 0 4 _a320.54
_bم م
100 _4ابو طالع ساطع الحصرى
245 1 0 _aمحاضرات فى نشوء الفكرة القومية /
_bابو خلدون ساطع الحصرى
260 _a[S.N] :
_bمركز دراسات الوحدة العربية ،
_c1985
300 _a171 ص
490 _aسلسلة التراث القومى
_v0
942 _2ddc
_cBK
999 _c35572
_d35572